000 00465nam a2200181Ia 4500
001 1321
005 20260306143720.0
008 260306t2017||||xx |||||||||||||| ||spa||
041 _aESP
082 _a193
_bZ18
100 _aZahavi, Dan
_eAUT
245 0 _aHusserl´s legacy:
_bphenomenology, metaphysics, and transcendental philosophy
260 _c2017
300 _aix, 236 páginas :
_c23 cm.
650 _aGEN
654 _aCHU
942 _cLIB
_dJUS
_fJUS
_2ddc
_n
999 _c1321
_d1321